Célébrités ayant eu une mort commune - Statistiques

Statistiques générales
  • Ce quiz a été pris 127 fois
  • Le résultat moyen est 8 sur 22
Statistiques - réponses
Mortes... % Correct
guillotinées
92%
assassinées
80%
dans un accident aérien
78%
brûlées
76%
dans une baignoire
75%
dans un accident de la route
73%
centenaires
58%
du sida
58%
en s'empoisonnant
56%
à 27 ans
38%
du Covid-19
31%
durant la Seconde Guerre mondiale
29%
dans un hôpital psychiatrique
19%
en Polynésie française
14%
en pratiquant son sport
10%
au combat durant la Première Guerre mondiale
8%
dans un hôtel
7%
de chute dans un escalier
7%
en prison
6%
après un accouchement
4%
suite à une chute d'un cheval
3%
le jour de leur anniversaire
1%
Aucun quiz correspondant
Distribution des résultats
% des personnes avec chaque résultat
Percentile par nombre de réponses
Votre historique - résultats
Vous n’avez pas pris ce quiz